01725cam a2200217 i 45000010009000000050017000090080041000260200018000670350031000850350013001160400008001290410008001370500027001451000035001722450044002072600047002513000024002985200580003225200569009026500036014711739004520251020115026.0240622t20242024fr 000 1 fre d a9782823621020 a(Fr-PaAMA)AAL08385959-0001 a17390045 ctbs afre 4aPQ2722.I5674bA81 2024 aVingtras, Maried1972-eauthor14aLes âmes férocesc/ Marie Vingtras. a[Paris] :bÉditions de l'Olivier,c2024. a266 pages ;c21 cm. aLeo n’est pas rentrée et le printemps s’entête dans sa douceur. Leo ne reviendra pas. La shérif Lauren Hobler découvre son corps au milieu des iris sauvages. Autour de la mort soudaine d’une jeune fille, Les Âmes féroces tisse plusieurs destinées. Pour élucider un mystère, mais lequel?? Celui de Leo, peut-être, et de ses silences. Celui de Lauren, coincée dans une petite ville qui ne la prend pas au sérieux. Il y a aussi Benjamin, Seth et les autres… Les gens de Mercy, qui pensent tous se connaître et en savent si peu sur eux-mêmes.  aLeo hasn’t come home, and spring stubbornly clings to its gentleness. Leo will not return. Sheriff Lauren Hobler finds her body among the wild irises. Around the sudden death of a young girl, The Fierce Souls weaves together several intertwined fates. To unravel a mystery—but which one? Perhaps Leo’s, and the secrets she kept. Perhaps Lauren’s, trapped in a small town that refuses to take her seriously. There’s also Benjamin, Seth, and the others… the people of Mercy, who all think they know each other, yet understand so little about themselves. 0aFrench literaturey21st century